| 000 | 00000nam##2200000za#4500 |
| 001 | 9.564246 |
| 003 | CaOODSP |
| 005 | 20210624175233 |
| 007 | cr ||||||||||| |
| 008 | 150406|2008||||xxc|||||o f|0| 0 eng|d |
| 040 | |aCaOODSP|beng |
| 043 | |an-cn--- |
| 086 | 1 |aRv55-5/19-4-3-2008E-PDF |
| 110 | 2 |aCanada Border Services Agency. |
| 245 | 10|aCopyright and trademarks |h[electronic resource] |
| 260 | |bCanada Border Services Agency |
| 300 | |a14p. |
| 490 | 1 |aCustoms D Memoranda. D19, Acts and regulations of other government departments |vD19-4-3, June 17, 2008 |
| 500 | |aSuperseded memoranda "D" - D9-4-3, dated May 19, 2000. |
| 590 | |a10-05-Supp|b2010-07-20 |
| 775 | 08|tDroit d'auteur et marques de commerce |w(CaOODSP)9.596024 |
| 776 | 0#|tDroit d'auteur et marques de commerce |w(CaOODSP)9.546111 |
| 776 | 0#|tCopyright and trademarks |w(CaOODSP)9.546110 |
| 830 | #0|aCustoms D Memoranda. D19, Acts and regulations of other government departments ;|vD19-4-3, June 17, 2008|w(CaOODSP)9.816825 |
| 856 | 40|ahttp://publications.gc.ca|qPDF|s272 KB|uhttps://publications.gc.ca/collections/collection_2008/cbsa-asfc/Rv55-5-19-4-3-2008E.pdf|yD19-4-3, June 17, 2008 |